00477pab a2200145 454500008004000000100001500040245016000055260000900215300001600224362000800240650003400248650001600282700001500298773001800313180718b2006 xxu||||| |||| 00| 0 eng d aDeas, Iain aFrom a new regionalism to an unusual regionalism? The emergence of non-standard regional spaces and lessons for the territorial reorganisation of the state c2006 ap.1847-877. aSep aAdministrative reorganization aRegionalism aLord, Alex aUrban Studies